Dodávateľsko-odberateľské vzťahy ako súčasť plánovacieho procesu záverečná práca postgraduálneho štúdia

Salvato in:
Dettagli Bibliografici
Autore principale: Hraško, Juraj
Ente Autore: Vysoká škola ekonomická v Bratislave
Altri autori: Kubíček, P.
Natura: Libro
Lingua:slovacco
Pubblicazione: Bratislava 1990
Tags: Aggiungi Tag
Nessun Tag, puoi essere il primo ad aggiungerne!!

MARC

LEADER 00000nam a2200000 4500
001 c040724
005 20221215070426.6
041 0 |a slo 
044 |a SK 
245 1 0 |a Dodávateľsko-odberateľské vzťahy ako súčasť plánovacieho procesu  |b záverečná práca postgraduálneho štúdia  |c Juraj Hraško ; ved. práce P. Kubíček 
264 1 |a Bratislava  |c 1990 
300 |a 56 s. 
100 1 |a Hraško, Juraj 
700 1 |a Kubíček, P. 
710 2 |a Vysoká škola ekonomická v Bratislave